|
|
|
|
| LEADER |
00688nab a2200205 i 4500 |
| 001 |
tisza20357 |
| 005 |
20200331091905.0 |
| 008 |
170215s2009 hu o 0|| hun d |
| 022 |
|
|
|a 0133-1167
|
| 040 |
|
|
|a SZTE Tiszatáj Archívum
|b hun
|
| 041 |
|
|
|a hun
|
| 100 |
1 |
|
|a Turi Tímea
|
| 245 |
1 |
4 |
|a Nem elég hosszú
|h [elektronikus dokumentum] :
|b Csiki László: Ajakír /
|c Turi Tímea
|
| 260 |
|
|
|c 2009
|
| 300 |
|
|
|a 104-106
|
| 490 |
0 |
|
|a Tiszatáj
|v 63 No. 4
|
| 695 |
|
|
|a Magyar irodalom - 21. sz. - kritika, Regényelemzés - magyar
|
| 700 |
0 |
1 |
|a Csiki László
|
| 700 |
0 |
1 |
|a Schéner Mihály
|
| 856 |
4 |
0 |
|u http://tiszataj.bibl.u-szeged.hu/20357/1/tiszataj_2009_004_104-106.pdf
|z Dokumentum-elérés
|